| 000 | 00706nam a22002657a 4500 | ||
|---|---|---|---|
| 001 | 0011243 | ||
| 003 | KOHA_MİRAKIL | ||
| 005 | 20260207001810.0 | ||
| 007 | ta | ||
| 008 | 091203b1995 tu |||grd|||#0|||0|tur | | ||
| 020 | _a9754710848 | ||
| 040 |
_aTR-BiSEU _btur _cTR-BiSEU _erda |
||
| 041 | 0 | _atur | |
| 044 | _ctu | ||
| 050 |
_aTK7804 _b.E44 1995 |
||
| 245 | 0 |
_aElektronik sözlüğü/ _ceditör Ali Bayram. |
|
| 264 | 1 |
_aİstanbul : _bFono Yayınları _c1995 |
|
| 300 | _a 224 sayfa | ||
| 336 |
_ametin _btxt _2rdacontent |
||
| 337 |
_aaracısız _bn _2rdamedia |
||
| 338 |
_acilt _bnc _2rdacarrier |
||
| 650 | 0 |
_aElektronik--Sözlükler--Türkçe. _93440 |
|
| 907 | _aSözlük | ||
| 942 |
_2lcc _cBK |
||
| 999 |
_c11213 _d11213 |
||